[Event "Skakligaen 2024-25"]
[Site "Denmark"]
[Date "2025.03.02"]
[Round "7.1"]
[White "Rasmussen, Karsten"]
[Black "Sloth, Jorn"]
[Result "1-0"]
[WhiteElo "2409"]
[BlackElo "2271"]
[EventDate "2024.11.02"]
[EventType "team-tourn"]
[EventRounds "9"]
[EventCountry "DEN"]
[SourceTitle "Holdskaksystemet"]
[WhiteTeam "AarhusSkolerne"]
[BlackTeam "Nordre"]
[WhiteTeamCountry "DEN"]
[BlackTeamCountry "DEN"]

1. c4 c5 2. Nc3 g6 3. Nf3 Bg7 4. g3 Nc6 5. Bg2 d6 6. O-O Bf5 7. h3 Qc8 8. Kh2 Nf6 9. d3 O-O 10. e4 Bd7
11. Be3 Ne8 12. Qd2 Nd4 13. Nh4 Nc7 14. Bh6 Rb8 15. Bxg7 Kxg7 16. f4 Bc6 17. g4 f5 18. gxf5 gxf5 19. Ne2 Nxe2 20. Qxe2 e6 21. exf5 exf5 22. Qe7+ Rf7 23. Qxd6 Qf8 24. Qe5+ Kh6 25. Bxc6 bxc6 26. Rae1 Qg7 27. b3 Qxe5 28. Rxe5 Rbf8 29. Rg1 Kh5 30. Nf3 h6 31. Nd2 Rd8 32. Rg3 Rd4 33. Rxc5 Rxf4 34. Rf3 Rxf3 35. Nxf3 Ne6 36. Re5 Nf4 37. d4 Kg6 38. Kg3 Nh5+ 39. Kf2 Kf6 40. Rc5 Rc7 41. Ne5 Nf4 42. h4  1-0

[Event "Skakligaen 2024-25"]
[Site "Denmark"]
[Date "2025.03.02"]
[Round "7.2"]
[White "Petersen, Tom Petri"]
[Black "Sorensen, Jan"]
[Result "1/2-1/2"]
[WhiteElo "2276"]
[BlackElo "2366"]
[EventDate "2024.11.02"]
[EventType "team-tourn"]
[EventRounds "9"]
[EventCountry "DEN"]
[SourceTitle "Holdskaksystemet"]
[WhiteTeam "Nordre"]
[BlackTeam "AarhusSkolerne"]
[WhiteTeamCountry "DEN"]
[BlackTeamCountry "DEN"]

1. c4 e6 2. g3 d5 3. Bg2 Nf6 4. Nf3 Bd6 5. O-O O-O 6. b3 dxc4 7. bxc4 e5 8. Nc3 Na6 9. Ng5 c6 10. Qc2 Nc5 11. Nce4 Nfxe4 12. Nxe4 Nxe4 13. Qxe4 Be6 14. Bb2 Qd7 15. c5 Bc7 16. Qb4 a5 17. Qc3 a4 18. d3 f6 19. Qb4 Rfb8 20. Ba3 Qf7 21. Qb2 Ra5 22. Qc2 Rb5 23. Rfb1 Rxb1+ 24. Qxb1 Bc8 25. Qc2 Ra8 26. Rb1 Ra7 27. Rb4 Bd8 28. Bc1  1/2-1/2

[Event "Skakligaen 2024-25"]
[Site "Denmark"]
[Date "2025.03.02"]
[Round "7.3"]
[White "Vinther Schou, Uffe"]
[Black "Andersen, Thomas Klitgaard"]
[Result "1-0"]
[WhiteElo "2289"]
[BlackElo "2197"]
[EventDate "2024.11.02"]
[EventType "team-tourn"]
[EventRounds "9"]
[EventCountry "DEN"]
[SourceTitle "Holdskaksystemet"]
[WhiteTeam "AarhusSkolerne"]
[BlackTeam "Nordre"]
[WhiteTeamCountry "DEN"]
[BlackTeamCountry "DEN"]

1. e4 e6 2. d4 d5 3. e5 c5 4. c3 Bd7 5. Nf3 Qb6 6. Be2 cxd4 7. Nxd4 Nc6 8. Nxc6 Bxc6 9. Nd2 Ne7 10. Nb3 Ng6 11. Be3 Qc7 12. f4 Nh4 13. O-O d4 14. cxd4 Nxg2 15. Qd3 Nh4 16. Bf2 Be7 17. Rac1 Qd7 18. Bxh4 Bxh4 19. Nc5 Qe7 20. Bf3 O-O 21. Bxc6 bxc6 22. Ne4 Qb7 23. b3 Be7 24. Rc4 f5 25. Nc3 Rfd8 26. Qf3 Rac8 27. Rc1 Bf8 28. Rc2 Rd7 29. Ne2 Rd5 30. Nc3 Rdd8 31. Kf2 Rd7 32. Ne2 Rd5 33. Nc3 Rd7 34. Nd1 Qb6 35. Qe3 Rcd8 36. Rxc6 Qxd4 37. Nb2 Qd5 38. Qf3 Qb5 39. Qe2 Rd2 40. Rxd2 Rxd2 41. Qxd2 Qxc6 42. Nd3 Be7 43. Kg3 Qh1 44. Qg2 Qb1 45. Qe2 g6 46. Ne1 Qc1 47. Nf3 Qc6 48. Qc4 Qxc4 49. bxc4 Kf7 50. h4 h6 51. Nd4 Bb4 52. Kf3 Be7 53. Nb5 Bxh4 54. Nxa7 Ke8 55. a4 Be1 56. Ke2 Bb4 57. Nc6 Bc5 58. Kf3 g5 59. Na5 Kd7 60. Nb3 Bb4
61. a5 g4+ 62. Kg3 Be1+ 63. Kg2 Bb4 64. a6 Kc7 65. Nd4 h5 66. Nxe6+ Kb6 67. Ng7 h4 68. Nxf5 h3+ 69. Kh1 Kxa6 70. e6 Bc5 71. Kh2  1-0

[Event "Skakligaen 2024-25"]
[Site "Denmark"]
[Date "2025.03.02"]
[Round "7.4"]
[White "Abildlund, Jens"]
[Black "Baekgaard, Martin"]
[Result "1-0"]
[WhiteElo "2196"]
[BlackElo "2239"]
[EventDate "2024.11.02"]
[EventType "team-tourn"]
[EventRounds "9"]
[EventCountry "DEN"]
[SourceTitle "Holdskaksystemet"]
[WhiteTeam "Nordre"]
[BlackTeam "AarhusSkolerne"]
[WhiteTeamCountry "DEN"]
[BlackTeamCountry "DEN"]

1. d4 Nf6 2. Nf3 g6 3. c4 Bg7 4. Nc3 d5 5. Bg5 Ne4 6. h4 Nxc3 7. bxc3 c5 8. e3 cxd4 9. cxd4 Nc6 10. Rc1 Bg4 11. cxd5 Qxd5 12. Bc4 Qa5+ 13. Qd2 Bxf3 14. gxf3 a6 15. Qxa5 Nxa5 16. Bd5 Rd8 17. Be4 Kd7 18. Ke2 Rc8 19. h5 h6 20. Bf4 g5 21. Bg3 b5 22. f4 gxf4 23. Bxf4 Rxc1 24. Rxc1 Rc8 25. Rg1 Bf6 26. Bxh6 Rh8 27. Bg7 Rxh5 28. Bxf6 exf6 29. Rg7 Ke7 30. Bg6 Rg5 31. Rxf7+ Ke6 32. Rg7 Kd6 33. Rg8 Nc6 34. Bf7 Rxg8 35. Bxg8 a5 36. Kd3 a4 37. a3 b4 38. axb4 Nxb4+ 39. Kc3 Nc6 40. e4  1-0

[Event "Skakligaen 2024-25"]
[Site "Denmark"]
[Date "2025.03.02"]
[Round "7.5"]
[White "Ochsner, Thomas"]
[Black "Hoiberg, Nina"]
[Result "1/2-1/2"]
[WhiteElo "2249"]
[BlackElo "2073"]
[EventDate "2024.11.02"]
[EventType "team-tourn"]
[EventRounds "9"]
[EventCountry "DEN"]
[SourceTitle "Holdskaksystemet"]
[WhiteTeam "AarhusSkolerne"]
[BlackTeam "Nordre"]
[WhiteTeamCountry "DEN"]
[BlackTeamCountry "DEN"]

1. e4 e5 2. Nf3 Nc6 3. Bc4 Nf6 4. d3 Bc5 5. O-O d6 6. c3 a6 7. Bb3 h6 8. Nbd2 O-O 9. Re1 Bb6 10. Nf1 Na5 11. Bc2 c5 12. Ng3 Nc6 13. h3 Ne7 14. Nh4 Be6 15. Qf3 Kh7 16. Nhf5 Nxf5 17. Nxf5 Ng8 18. Be3 g6 19. Ng3 d5 20. Bb3 d4 21. cxd4 cxd4 22. Bd2 Qe7 23. Qe2 Bc5 24. Rac1 Bxb3 25. axb3 Bb4 26. Rc4 Bxd2 27. Qxd2 b5 28. Rc6 Rfc8 29. Rec1 Qd7 30. R6c5 Rxc5 31. Rxc5 Qd6 32. Qc2 Ne7 33. Nf1 Qe6 34. Nd2 Rc8 35. Nf3 Rxc5 36. Qxc5 f6 37. Nd2  1/2-1/2

[Event "Skakligaen 2024-25"]
[Site "Denmark"]
[Date "2025.03.02"]
[Round "7.6"]
[White "Rewitz, Jan"]
[Black "Sobjerg, Erik"]
[Result "1-0"]
[WhiteElo "2048"]
[BlackElo "2278"]
[EventDate "2024.11.02"]
[EventType "team-tourn"]
[EventRounds "9"]
[EventCountry "DEN"]
[SourceTitle "Holdskaksystemet"]
[WhiteTeam "Nordre"]
[BlackTeam "AarhusSkolerne"]
[WhiteTeamCountry "DEN"]
[BlackTeamCountry "DEN"]

1. d4 Nf6 2. Nf3 d5 3. c4 e6 4. Nc3 h6 5. e3 Nbd7 6. Qc2 b6 7. Bd2 Bb7 8. O-O-O Bd6 9. Kb1 a6 10. Bc1 Qe7 11. h3 O-O-O 12. Nd2 c5 13. cxd5 exd5 14. dxc5 bxc5 15. Qa4 c4 16. e4 Nc5 17. Qa5 Bc7 18. Qb4 a5 19. Qa3 Nfxe4 20. Ndxe4 dxe4 21. Bxc4 Qe5 22. Be3 Nd3 23. Nb5 Rd7 24. Nxc7 Rxc7 25. Bxd3 exd3 26. Bb6 Rd7 27. Rhe1 Qb5 28. Bxa5 Bxg2 29. Bc3 Bf3 30. Rc1 Rc7 31. Bd2 Bc6 32. Rc5 Qb6 33. Rec1 Re8 34. Bf4 d2 35. Bxd2 Re2 36. Be3 Be4+ 37. Ka1 Rxc5 38. Rxc5+ Kb8 39. Rc1  1-0

[Event "Skakligaen 2024-25"]
[Site "Denmark"]
[Date "2025.03.02"]
[Round "7.7"]
[White "Pedersen, Finn"]
[Black "Holm, Filip Martin Kierulf Hou"]
[Result "1-0"]
[WhiteElo "2262"]
[BlackElo "2004"]
[EventDate "2024.11.02"]
[EventType "team-tourn"]
[EventRounds "9"]
[EventCountry "DEN"]
[SourceTitle "Holdskaksystemet"]
[WhiteTeam "AarhusSkolerne"]
[BlackTeam "Nordre"]
[WhiteTeamCountry "DEN"]
[BlackTeamCountry "DEN"]

1. Nf3 Nf6 2. d4 d6 3. Bg5 Ne4 4. Bf4 g6 5. Nbd2 Nf6 6. h3 Bg7 7. e3 a6 8. a4 b6 9. Be2 Bb7 10. O-O Nbd7 11. a5 b5 12. c4 bxc4 13. Bxc4 d5 14. Qb3 Qc8 15. Be2 c5 16. Rfc1 Qc6 17. Ne5 Nxe5 18. Rxc5 Qd7 19. Bxe5 Rc8 20. Rac1 O-O 21. Rc7 Ba8 22. Bxa6 Rxc7 23. Rxc7 Qf5 24. Rxe7 Nd7 25. g4 Qg5 26. Rxd7 Bxe5 27. dxe5 Qxe5 28. Bb7  1-0

[Event "Skakligaen 2024-25"]
[Site "Denmark"]
[Date "2025.03.02"]
[Round "7.8"]
[White "Pedersen, Peer Ole"]
[Black "Toledo, Imanol"]
[Result "0-1"]
[WhiteElo "2022"]
[BlackElo "2194"]
[EventDate "2024.11.02"]
[EventType "team-tourn"]
[EventRounds "9"]
[EventCountry "DEN"]
[SourceTitle "Holdskaksystemet"]
[WhiteTeam "Nordre"]
[BlackTeam "AarhusSkolerne"]
[WhiteTeamCountry "DEN"]
[BlackTeamCountry "DEN"]

1. c4 e6 2. d4 Nf6 3. Nc3 d5 4. cxd5 exd5 5. Bg5 c6 6. e3 h6 7. Bh4 Be7 8. Bd3 Nbd7 9. Nf3 Nh5 10. Bxe7 Qxe7 11. Qc2 Nf4 12. O-O Nxd3 13. Qxd3 O-O 14. e4 dxe4 15. Nxe4 Nf6 16. Ng3 Be6 17. Ne5 Rad8 18. Qe3 Rfe8 19. a3 Qd6 20. Rad1 c5 21. Ne2 Ng4 22. Nxg4 Bxg4 23. dxc5 Qxd1  0-1

[Event "Skakligaen 2024-25"]
[Site "Denmark"]
[Date "2025.03.02"]
[Round "7.1"]
[White "Andersen, Mads"]
[Black "Kanov, Nikola Krasimirov"]
[Result "0-1"]
[WhiteElo "2585"]
[BlackElo "2413"]
[EventDate "2024.11.02"]
[EventType "team-tourn"]
[EventRounds "9"]
[EventCountry "DEN"]
[SourceTitle "Live v Fredericia Skakklub"]
[WhiteTeam "Skanderborg"]
[BlackTeam "Fredericia"]
[WhiteTeamCountry "DEN"]
[BlackTeamCountry "DEN"]

1. e4 e6 2. d4 d5 3. Nc3 Bb4 4. exd5 exd5 5. Bd3 Ne7 6. Nf3 Nbc6 7. O-O O-O 8. Ne2 Bf5 9. c3 Bd6 10. Bf4 Bxd3 11. Qxd3 Ng6 12. Bxd6 Qxd6 13. g3 Rfe8 14. h4 h5 15. Rae1 Re4 16. Ng5 Rg4 17. Qf5 Rf8 18. Nf3 Qf6 19. Qxf6 gxf6 20. Nc1 Re4 21. Nd3 b6 22. Rd1 Rfe8 23. Nfe1 Nce7 24. Ng2 Nf5 25. Nb4 Rd8 26. Rfe1 Rxe1+ 27. Nxe1 a5 28. Nbd3 Ng7 29. Ng2 Ne6 30. Ne3 Kh7 31. Kg2 c5 32. Ne1 Ne7 33. N1c2 Kg6 34. Kf3 f5 35. Ng2 Kf6 36. Nf4 Nxf4 37. Kxf4 Ng6+ 38. Kf3 f4 39. Re1 Rg8 40. Rd1 Rd8 41. Ne1 fxg3 42. fxg3 cxd4 43. cxd4 Rc8 44. Rd2 Rc1 45. Nc2 Rf1+ 46. Kg2 Rb1 47. Ne3 Ne7 48. Rf2+ Kg6 49. Rc2 f6 50. Kf2 a4 51. Ng2 Kf5 52. Re2 Nc6 53. Ne3+ Ke4 54. Nd1+ Kxd4 55. Rd2+ Kc5 56. Nc3 Rc1 57. Nxa4+ Kd6 58. Nxb6 d4 59. b3 Ne5 60. Nc4+ Kd5 61. Ne3+ Ke4 62. Nd1 d3 63. Ne3 Ng4+ 64. Nxg4 hxg4 65. h5 Rc2 66. Ke1 Ke3 0-1

[Event "Skakligaen 2024-25"]
[Site "Denmark"]
[Date "2025.03.02"]
[Round "7.2"]
[White "Fries Nielsen, Jens Ove"]
[Black "Pajeken, Jakob Leon"]
[Result "1/2-1/2"]
[WhiteElo "2306"]
[BlackElo "2427"]
[EventDate "2024.11.02"]
[EventType "team-tourn"]
[EventRounds "9"]
[EventCountry "DEN"]
[SourceTitle "Live v Fredericia Skakklub"]
[WhiteTeam "Fredericia"]
[BlackTeam "Skanderborg"]
[WhiteTeamCountry "DEN"]
[BlackTeamCountry "DEN"]

1. e4 e5 2. Nf3 Nc6 3. g3 Nf6 4. d3 d5 5. exd5 Nxd5 6. Bg2 Bd6 7. O-O O-O 8. Nc3 Nxc3 9. bxc3 Bg4 10. h3 Bh5 11. Rb1 Rb8 12. g4 Bg6 13. Ng5 Be7 14. Ne4 Qd7 15. Ng3 Bh4 16. Be3 b6 17. Nf5 Bxf5 18. gxf5 Ne7 19. Qg4 Bf6 20. Be4 Nd5 21. Bd2 Nf4 22. Kh1 c5 23. Rg1 Rfd8 24. Rg3 Kf8 25. Rbg1 Qa4 26. Bxf4 exf4 27. Qxf4 Qd7 28. Rxg7 Bxg7 29. Rxg7 Kxg7 30. Qg5+ Kh8 31. Qf6+ Kg8 32. Qg5+ Kh8 33. Qf6+ Kg8 34. Qg5+ Kh8 1/2-1/2

[Event "Skakligaen 2024-25"]
[Site "Denmark"]
[Date "2025.03.02"]
[Round "7.3"]
[White "Licznerski, Lukasz"]
[Black "Thorsen, Adrian Stenstrop"]
[Result "1-0"]
[WhiteElo "2436"]
[BlackElo "2204"]
[EventDate "2024.11.02"]
[EventType "team-tourn"]
[EventRounds "9"]
[EventCountry "DEN"]
[SourceTitle "Live v Fredericia Skakklub"]
[WhiteTeam "Skanderborg"]
[BlackTeam "Fredericia"]
[WhiteTeamCountry "DEN"]
[BlackTeamCountry "DEN"]

1. e4 e5 2. Nf3 Nc6 3. Bb5 a6 4. Ba4 d6 5. O-O Bd7 6. c3 g5 7. d4 g4 8. Ne1 Bh6 9. f4 gxf3 10. Qxf3 Qe7 11. Bxh6 Nxh6 12. d5 Nb8 13. Bxd7+ Nxd7 14. Qh5 Ng8 15. Nd2 Ngf6 16. Qe2 O-O-O 17. Nc2 Ne8 18. Ne3 Ng7 19. Nf5 Nxf5 20. Rxf5 Rhg8 21. Qf2 f6 22. Qa7 Qg7 23. Qa8+ Nb8 24. Rf2 Qg4 25. Re1 Rdf8 26. Nf1 f5 27. exf5 Qc4 28. Ne3 Qe4 29. Qa7 b6 30. c4 Rg5 31. a4 Rgxf5 32. Nxf5 Qxe1+ 33. Rf1 Qxf1+ 34. Kxf1 Rxf5+ 35. Ke2 Rf4 36. a5 bxa5 37. c5 Re4+ 38. Kf3 Rf4+ 39. Ke3 dxc5 40. Qxc5 Nd7 41. Qe7 Nb6 42. Qxe5 Rb4 43. Kd3 Rb5 44. Qh8+ Kb7 45. Qxh7 Nxd5 46. Qg7 1-0

[Event "Skakligaen 2024-25"]
[Site "Denmark"]
[Date "2025.03.02"]
[Round "7.4"]
[White "Easwaralingam, Adesh"]
[Black "Andersen, Jackie"]
[Result "1/2-1/2"]
[WhiteElo "2194"]
[BlackElo "2393"]
[EventDate "2024.11.02"]
[EventType "team-tourn"]
[EventRounds "9"]
[EventCountry "DEN"]
[SourceTitle "Live v Fredericia Skakklub"]
[WhiteTeam "Fredericia"]
[BlackTeam "Skanderborg"]
[WhiteTeamCountry "DEN"]
[BlackTeamCountry "DEN"]

1. e4 g6 2. d4 Bg7 3. Nf3 d6 4. c3 Nd7 5. Bc4 e6 6. O-O Ne7 7. Bb3 O-O 8. Re1 a6 9. a4 b6 10. Bf4 Bb7 11. Qd2 e5 12. Bh6 Nc6 13. Bxg7 Kxg7 14. Qe3 Qe7 15. Nbd2 Rae8 16. Bc2 Kh8 17. Qh6 Qf6 18. Ng5 Qg7 19. Qxg7+ Kxg7 20. Ngf3 1/2-1/2

[Event "Skakligaen 2024-25"]
[Site "Denmark"]
[Date "2025.03.02"]
[Round "7.5"]
[White "Pedersen, Nicolai Vesterbaek"]
[Black "Schwarz, Frank"]
[Result "1/2-1/2"]
[WhiteElo "2349"]
[BlackElo "2231"]
[EventDate "2024.11.02"]
[EventType "team-tourn"]
[EventRounds "9"]
[EventCountry "DEN"]
[SourceTitle "Live v Fredericia Skakklub"]
[WhiteTeam "Skanderborg"]
[BlackTeam "Fredericia"]
[WhiteTeamCountry "DEN"]
[BlackTeamCountry "DEN"]

1. c4 Nf6 2. Nc3 e6 3. d4 d5 4. cxd5 exd5 5. Bg5 c6 6. Qc2 Be7 7. e3 h6 8. Bh4 O-O 9. Bd3 Re8 10. Nf3 Ne4 11. Bg3 Bf5 12. Bxe4 dxe4 13. Ne5 Qc8 14. O-O f6 15. Nc4 Qe6 16. Na5 b6 17. Nb3 Na6 18. a3 Rac8 19. d5 cxd5 20. Nd4 Qd7 21. Nxf5 Qxf5 22. Qa4 Nc5 23. Qxa7 Qe6 24. Bc7 Bd8 25. Bxd8 Rexd8 26. Na4 1/2-1/2

[Event "Skakligaen 2024-25"]
[Site "Denmark"]
[Date "2025.03.02"]
[Round "7.6"]
[White "Moller, Dustin"]
[Black "Brondt, Nicolai Kvist"]
[Result "1/2-1/2"]
[WhiteElo "2181"]
[BlackElo "2238"]
[EventDate "2024.11.02"]
[EventType "team-tourn"]
[EventRounds "9"]
[EventCountry "DEN"]
[SourceTitle "Live v Fredericia Skakklub"]
[WhiteTeam "Fredericia"]
[BlackTeam "Skanderborg"]
[WhiteTeamCountry "DEN"]
[BlackTeamCountry "DEN"]

1. d4 Nf6 2. c4 c6 3. Nc3 d5 4. Nf3 e6 5. Bg5 dxc4 6. e4 b5 7. e5 h6 8. Bh4 g5 9. Nxg5 hxg5 10. Bxg5 Be7 11. exf6 Bxf6 12. Bxf6 Qxf6 13. Qd2 Bb7 14. O-O-O Na6 15. Ne4 Qe7 16. Qg5 c5 17. Nf6+ Kf8 18. dxc5 Rd8 19. Rxd8+ Qxd8 20. Be2 Bd5 21. Rd1 Qe7 22. Rd4 Qd8 23. Qe5 Rxh2 24. Qxh2 Qxf6 25. Qd6+ Kg7 26. Rg4+ Kh7 27. Qh2+ Qh6+ 28. Qxh6+ Kxh6 29. a4 Nxc5 30. axb5 f5 31. Rh4+ Kg5 32. g3 Ne4 33. f4+ Kg6 34. Bf3 Nxg3 35. Bxd5 exd5 36. Kd2 d4 37. Rh8 Ne4+ 38. Ke2 Nd6 39. Rb8 Kf6 40. b6 axb6 41. Rxb6 Ke6 42. Ra6 Kd5 43. Kf3 Kc5 44. Ra8 c3 45. bxc3 dxc3 46. Ke3 c2 47. Kd2 Ne4+ 48. Kxc2 Kd4 49. Rf8 Ng3 50. Re8 Nh5 51. Re5 Nxf4 52. Rxf5 Ke4 53. Ra5 Kd4 54. Ra4+ Ke5 55. Kd2 Nd5 56. Kd3 Nf4+ 57. Ke3 Nd5+ 58. Kf3 Nf6 59. Rf4 Ke6 60. Ra4 Ke5 61. Ra5+ Nd5 62. Kg4 Ke4 63. Kg5 Ke5 64. Kg6 Kd6 65. Kf7 Ke5 66. Ra4 Nf4 67. Rb4 Nd5 68. Rc4 1/2-1/2

[Event "Skakligaen 2024-25"]
[Site "Denmark"]
[Date "2025.03.02"]
[Round "7.7"]
[White "Berg, Klaus"]
[Black "Prien, Thore"]
[Result "1-0"]
[WhiteElo "2260"]
[BlackElo "2202"]
[EventDate "2024.11.02"]
[EventType "team-tourn"]
[EventRounds "9"]
[EventCountry "DEN"]
[SourceTitle "Live v Fredericia Skakklub"]
[WhiteTeam "Skanderborg"]
[BlackTeam "Fredericia"]
[WhiteTeamCountry "DEN"]
[BlackTeamCountry "DEN"]

1. Nf3 e6 2. g3 b5 3. Bg2 Bb7 4. O-O Nf6 5. b3 Be7 6. c4 a6 7. d3 d6 8. e4 Nbd7 9. Nc3 b4 10. Ne2 c5 11. h3 Qc7 12. Nh2 h6 13. f4 O-O-O 14. Be3 Nh7 15. Qd2 f5 16. a3 Nhf6 17. exf5 Bxg2 18. Kxg2 exf5 19. axb4 Qb7+ 20. Kg1 cxb4 21. Ra4 Nc5 22. Rxb4 Qc7 23. d4 Nfe4 24. Qa2 a5 25. Rb5 Nb7 26. b4 axb4 27. Rb1 d5 28. c5 Kd7 29. Qxd5+ 1-0

[Event "Skakligaen 2024-25"]
[Site "Denmark"]
[Date "2025.03.02"]
[Round "7.8"]
[White "Guindy, Esmat Susanne"]
[Black "Larsen, Jonas Chul Bistrup"]
[Result "1-0"]
[WhiteElo "2076"]
[BlackElo "1981"]
[EventDate "2024.11.02"]
[EventType "team-tourn"]
[EventRounds "9"]
[EventCountry "DEN"]
[SourceTitle "Live v Fredericia Skakklub"]
[WhiteTeam "Fredericia"]
[BlackTeam "Skanderborg"]
[WhiteTeamCountry "DEN"]
[BlackTeamCountry "DEN"]

1. Nf3 d5 2. d4 Nf6 3. g3 e6 4. Bg2 Be7 5. c4 O-O 6. Nc3 b6 7. O-O Nbd7 8. Ne5 Bb7 9. Qa4 Nxe5 10. dxe5 Ne4 11. cxd5 Nxc3 12. bxc3 exd5 13. Rd1 c6 14. c4 Qc7 15. cxd5 cxd5 16. Bb2 Rfd8 17. Rac1 Bc5 18. Rd2 a5 19. Bd4 Bc6 20. Qd1 Bxd4 21. Rxd4 Qb7 22. Rxc6 Qxc6 23. Bxd5 Rxd5 24. Rxd5 g6 25. Rd6 Qc5 26. e6 fxe6 27. Rxe6 Rf8 28. Re3 h6 29. Qb3+ Kh7 30. Qe6 b5 31. Kg2 a4 32. f4 h5 33. Qd7+ Kh6 34. Re7 Rh8 35. Re5 Qc4 36. Qxb5 Qxa2 37. Re7 1-0

[Event "Skakligaen 2024-25"]
[Site "Denmark"]
[Date "2025.03.29"]
[Round "8.1"]
[White "Grandelius, Nils"]
[Black "Ochsner, Bjorn Moller"]
[Result "1-0"]
[WhiteElo "2644"]
[BlackElo "2492"]
[EventDate "2024.11.02"]
[EventType "team-tourn"]
[EventRounds "9"]
[EventCountry "DEN"]
[SourceTitle "Live v. Kasper Jerwiarz"]
[WhiteTeam "Hillerod"]
[BlackTeam "AarhusSkolerne"]
[WhiteTeamCountry "DEN"]
[BlackTeamCountry "DEN"]

1. e4 c5 2. Nf3 Nc6 3. Bb5 e6 4. O-O Nge7 5. d4 cxd4 6. Nxd4 Ng6 7. Be3 Be7 8. Nb3 O-O 9. Be2 b6 10. c4 Ba6 11. Nc3 Nce5 12. Nb5 Bxb5 13. cxb5 d5 14. exd5 exd5 15. Rc1 Bf6 16. Nd4 Re8 17. b3 Qd6 18. Qd2 Nd7 19. Nf5 Qe5 20. Bg4 Rad8 21. Nd4 Qd6 22. Rc6 Qa3 23. Rc7 Nde5 24. Bh3 Re7 25. Rxe7 Nxe7 26. Rc1 Qd6 27. Qc2 g5 28. g3 g4 29. Bg2 Rc8 30. Qxc8+ Nxc8 31. Rxc8+ Bd8 32. Nc6 Nxc6 33. bxc6 Kg7 34. Bf4 Qf6 35. Bf1 d4 36. c7 Bxc7 37. Rxc7 Qf5 38. Rxa7 d3 39. Ra4 Qd5 40. Bd2 1-0

[Event "Skakligaen 2024-25"]
[Site "Denmark"]
[Date "2025.03.29"]
[Round "8.2"]
[White "Rasmussen, Karsten"]
[Black "Thybo, Jesper Sondergaard"]
[Result "1/2-1/2"]
[WhiteElo "2409"]
[BlackElo "2560"]
[EventDate "2024.11.02"]
[EventType "team-tourn"]
[EventRounds "9"]
[EventCountry "DEN"]
[SourceTitle "Live v. Kasper Jerwiarz"]
[WhiteTeam "AarhusSkolerne"]
[BlackTeam "Hillerod"]
[WhiteTeamCountry "DEN"]
[BlackTeamCountry "DEN"]

1. d4 Nf6 2. Nf3 d5 3. c4 e6 4. Nc3 Bb4 5. cxd5 exd5 6. Bg5 h6 7. Bxf6 Qxf6 8. Qb3 c5 9. e3 O-O 10. dxc5 Bxc3+ 11. Qxc3 Qxc3+ 12. bxc3 Nd7 13. c6 bxc6 14. c4 dxc4 15. Bxc4 Nb6 16. Be2 Be6 17. Nd4 Bd5 18. Bf3 c5 19. Nf5 Kh7 20. Bxd5 Nxd5 21. Rc1 Rfc8 22. Nd6 Rc7 23. O-O Nb6 24. Nb5 Rc6 25. Rfd1 c4 26. Kf1 Rc5 1/2-1/2

[Event "Skakligaen 2024-25"]
[Site "Denmark"]
[Date "2025.03.29"]
[Round "8.3"]
[White "Hansen, Sune Berg"]
[Black "Skytte, Rasmus"]
[Result "1-0"]
[WhiteElo "2505"]
[BlackElo "2343"]
[EventDate "2024.11.02"]
[EventType "team-tourn"]
[EventRounds "9"]
[EventCountry "DEN"]
[SourceTitle "Live v. Kasper Jerwiarz"]
[WhiteTeam "Hillerod"]
[BlackTeam "AarhusSkolerne"]
[WhiteTeamCountry "DEN"]
[BlackTeamCountry "DEN"]

1. e4 g6 2. d4 Bg7 3. Nf3 d6 4. Bc4 c6 5. Bb3 d5 6. Nbd2 Nh6 7. O-O O-O 8. Re1 Be6 9. c3 Na6 10. h3 dxe4 11. Nxe4 Bxb3 12. axb3 Nf5 13. Bf4 Nc7 14. Nc5 b6 15. Nd3 Nd5 16. Be5 Nf6 17. Bh2 e6 18. Nfe5 Ne7 19. b4 Qd5 20. Nf4 Qd8 21. Qf3 Qc8 22. Nfd3 Nd7 23. Nc4 Nf5 24. Ra3 c5 25. Nd6 Nxd6 26. Bxd6 cxd4 27. Bxf8 Nxf8 28. c4 a5 29. c5 Nd7 30. cxb6 Nxb6 31. bxa5 Nd5 32. Rc1 Qb7 33. Raa1 Qb3 34. Qd1 Qb8 35. Qa4 e5 36. Qc6 Qd8 37. Rc5 Ne7 38. Qf3 1-0

[Event "Skakligaen 2024-25"]
[Site "Denmark"]
[Date "2025.03.29"]
[Round "8.4"]
[White "Sorensen, Jan"]
[Black "Schandorff, Lars"]
[Result "1/2-1/2"]
[WhiteElo "2366"]
[BlackElo "2473"]
[EventDate "2024.11.02"]
[EventType "team-tourn"]
[EventRounds "9"]
[EventCountry "DEN"]
[SourceTitle "Live v. Kasper Jerwiarz"]
[WhiteTeam "AarhusSkolerne"]
[BlackTeam "Hillerod"]
[WhiteTeamCountry "DEN"]
[BlackTeamCountry "DEN"]

1. e4 c6 2. d4 d5 3. exd5 cxd5 4. Bd3 Nc6 5. c3 Nf6 6. Bf4 Bg4 7. Qb3 Qd7 8. Nd2 e6 9. Ngf3 Bd6 10. Bxd6 Qxd6 11. O-O O-O 12. Rae1 Bxf3 13. Nxf3 Qc7 14. Qc2 Rab8 15. Qe2 a6 16. Ne5 Nxe5 17. dxe5 Nd7 18. f4 Rfe8 19. Kh1 g6 20. Rf3 Re7 21. Re3 1/2-1/2

[Event "Skakligaen 2024-25"]
[Site "Denmark"]
[Date "2025.03.29"]
[Round "8.5"]
[White "Aagaard, Jacob"]
[Black "Vinther Schou, Uffe"]
[Result "1-0"]
[WhiteElo "2430"]
[BlackElo "2289"]
[EventDate "2024.11.02"]
[EventType "team-tourn"]
[EventRounds "9"]
[EventCountry "DEN"]
[SourceTitle "Live v. Kasper Jerwiarz"]
[WhiteTeam "Hillerod"]
[BlackTeam "AarhusSkolerne"]
[WhiteTeamCountry "DEN"]
[BlackTeamCountry "DEN"]

1. e4 c5 2. Nf3 e6 3. d4 cxd4 4. Nxd4 a6 5. Qd3 Nf6 6. Be2 d6 7. c4 Nbd7 8. Nc3 Qc7 9. O-O Ne5 10. Qg3 h5 11. Bg5 Be7 12. Rad1 Bd7 13. f4 Nxc4 14. Bxc4 Qxc4 15. e5 h4 16. Bxh4 Nh5 17. Qg4 dxe5 18. fxe5 Bc5 19. Kh1 Bc6 20. Qg5 Bd5 21. Nxd5 exd5 22. Nf5 g6 23. Rc1 Qd3 24. Rf3 Qe2 25. Re1 Qxb2 26. Nd6+ Kd7 27. Qe7+ Kc6 28. Rb3 1-0

[Event "Skakligaen 2024-25"]
[Site "Denmark"]
[Date "2025.03.29"]
[Round "8.6"]
[White "Sobjerg, Erik"]
[Black "Storme, Isak"]
[Result "1/2-1/2"]
[WhiteElo "2278"]
[BlackElo "2461"]
[EventDate "2024.11.02"]
[EventType "team-tourn"]
[EventRounds "9"]
[EventCountry "DEN"]
[SourceTitle "Live v. Kasper Jerwiarz"]
[WhiteTeam "AarhusSkolerne"]
[BlackTeam "Hillerod"]
[WhiteTeamCountry "DEN"]
[BlackTeamCountry "DEN"]

1. e4 e5 2. Nc3 Nf6 3. d4 exd4 4. Qxd4 Nc6 5. Qd3 d5 6. Bf4 Nb4 7. Qe2 dxe4 8. a3 Nbd5 9. O-O-O Bd6 10. Nxd5 Nxd5 11. Qxe4+ Be6 12. Bxd6 Qxd6 13. Bc4 O-O-O 14. Nf3 Qf4+ 15. Qxf4 Nxf4 16. Bxe6+ fxe6 17. Ne5 Rhf8 18. Rxd8+ Kxd8 19. g3 Ng6 20. Nxg6 hxg6 21. Rd1+ Ke7 22. Rd2 g5 23. Kd1 e5 24. Ke2 Rh8 25. Kf3 Rxh2 26. Rd5 Ke6 27. Rd8 Rh1 28. Re8+ Kd6 29. Rd8+ Ke6 30. Re8+ Kd5 31. Rd8+ Ke6 32. Re8+ Kd6 33. Rd8+ Ke6 34. Ke4 1/2-1/2

[Event "Skakligaen 2024-25"]
[Site "Denmark"]
[Date "2025.03.29"]
[Round "8.7"]
[White "Percivaldi, Martin"]
[Black "Grand, Hans Henrik"]
[Result "1-0"]
[WhiteElo "2375"]
[BlackElo "2113"]
[EventDate "2024.11.02"]
[EventType "team-tourn"]
[EventRounds "9"]
[EventCountry "DEN"]
[SourceTitle "Live v. Kasper Jerwiarz"]
[WhiteTeam "Hillerod"]
[BlackTeam "AarhusSkolerne"]
[WhiteTeamCountry "DEN"]
[BlackTeamCountry "DEN"]

1. d4 Nf6 2. c4 c5 3. d5 b5 4. cxb5 a6 5. e3 axb5 6. Bxb5 Ba6 7. Nc3 Bxb5 8. Nxb5 Qa5+ 9. Nc3 g6 10. Nf3 d6 11. O-O Bg7 12. e4 Nbd7 13. Bd2 O-O 14. Qc2 Qa6 15. a4 Rfb8 16. Nb5 Qb6 17. Bc3 Ne8 18. Nd2 Qa6 19. Bxg7 Kxg7 20. Qc3+ Kg8 21. b3 Rb7 22. Rfb1 Rc8 23. Nc4 Nc7 24. Na5 Rb6 25. Nc6 Rxc6 26. dxc6 Qxc6 27. Na7 1-0